000 00876aam a2200265 a 4500
999 _c325024
_d325024
003 BLK
005 20250522170846.0
008 181010b bu ||||| |||| 00| 0 bu d
020 _a9786190202844
040 _aBLK
041 _aBUL
_cBUL
080 _aЯпонска литература
_b821.521
_x-32
_z821.521-32
100 1 _aМураками Харуки
_999577
_eпърви автор
139 _aМураками Харуки
_bМ 96
245 _aИзчезването на слона
_bРазкази
_cХаруки Мураками
260 _bКолибри
_c2018
_aСофия
300 _a352 с.
_c20 см
380 _aX
700 _aРозова, Надежда Иванова
_9366022
852 _aЦб 294647
942 _cKNG
_2udc
_n0
_029
944 _aED
_c2019-05-08
_lМинев Младен
_k30530
999 _d325024
999 _d325024